BIBLIOTECA PODER JUDICIAL
Portal Judicial TDF

Estándares de la jurisprudencia de la Corte IDH sobre responsabilidad del Estado y sus potenciales proyecciones en el ámbito interno / (Registro nro. 6115)

000 -LEADER
fixed length control field 01303nabaa22002177a 4500
003 - CONTROL NUMBER IDENTIFIER
control field OSt
005 - DATE AND TIME OF LATEST TRANSACTION
control field 20260122103634.0
008 - FIXED-LENGTH DATA ELEMENTS--GENERAL INFORMATION
fixed length control field 190701b xxu||||| |||| 00| 0 spa d
040 ## - CATALOGING SOURCE
Transcribing agency PJ
100 ## - MAIN ENTRY--PERSONAL NAME
9 (RLIN) 10
Personal name Cicero, Nidia Karina
245 10 - TITLE STATEMENT
Title Estándares de la jurisprudencia de la Corte IDH sobre responsabilidad del Estado y sus potenciales proyecciones en el ámbito interno /
Statement of responsibility, etc Nidia K. Cicero.
300 ## - PHYSICAL DESCRIPTION
Extent p. 131-160
505 ## - FORMATTED CONTENTS NOTE
Formatted contents note Sumario: I. Las funciones y los ámbitos de desenvolvimiento de la responsabilidad estatal.— II. Responsabilidad estatal a nivel internacional e interamericano en particular.— III. Algunos paradigmas provenientes de la jurisprudencia de la Corte IDH en el trienio 2019-2021.— IV. Epílogo.— V. Listado de sentencias Corte IDH.— VI. Bibliografía complementaria, jurisprudencia nacional y normativa citada.
505 ## - FORMATTED CONTENTS NOTE
Title ¿Te interesa el texto completo? Comunicate al correo: koha@justierradelfuego.gov.ar<br/>
650 #0 - SUBJECT ADDED ENTRY--TOPICAL TERM
9 (RLIN) 211
Topical term or geographic name as entry element DERECHO ADMINISTRATIVO
650 #0 - SUBJECT ADDED ENTRY--TOPICAL TERM
9 (RLIN) 1215
Topical term or geographic name as entry element RESPONSABILIDAD DEL ESTADO
650 #0 - SUBJECT ADDED ENTRY--TOPICAL TERM
9 (RLIN) 3377
Topical term or geographic name as entry element CORTE INTERAMERICANA DE DERECHOS HUMANOS
650 #0 - SUBJECT ADDED ENTRY--TOPICAL TERM
9 (RLIN) 1057
Topical term or geographic name as entry element JURISPRUDENCIA APLICABLE
773 0# - HOST ITEM ENTRY
Host Biblionumber 2842
Host Itemnumber 3251
Place, publisher, and date of publication Buenos Aires : AbeledoPerrot, 2012-
Other item identifier DA121
Title Derecho administrativo. Nº 146 marzo/abril 2023
International Standard Book Number 18510590
942 ## - ADDED ENTRY ELEMENTS (KOHA)
Source of classification or shelving scheme
Koha item type Analítica Artículo de Revista

No hay ítems disponibles.

12 de Octubre 789 Ushuaia - Tel:  54(02901)441571
Horario de Atención: 8.00 a 17.00 hs. 
bibliotecaush@justierradelfuego.gov.ar
koha@justierradelfuego.gov.ar
Seguinos en nuestras redes @bibliojustdf 

Con tecnología Koha